00592nam a2200133Ia 4500008004100000100002500041245015200066245009200218260005300310260000900363300001000372650001500382856006100397170221s9999 xx 000 0 und d aAleksandr A. Nikitin 4aThe Management of Advanced Training of Engineering and Technical Specialists Based on the Interaction between Universities and Business-Structures  cAleksandr A. Nikitin, Mikhail P. Palyanov, Marina V. Morozova, Aleksandr S. Markovichev bInternational Review of Management and Marketing c2016 a6 : 1 xMarketing. uhttp://www.econjournals.com/index.php/irmm/issue/view/64